| 000 | 01060nam a2200265 u 4500 | ||
|---|---|---|---|
| 001 | 000023219 | ||
| 005 | 20250429112052.0 | ||
| 008 | 101130s19811983sp r 000 0 spa d | ||
| 040 |
_aDO-SdBNP _bspa _cBNPHU |
||
| 082 |
_a930 _bP766h |
||
| 100 | 1 |
_aPolibio _941179 |
|
| 245 | 1 | 0 |
_aHistoria / _cPolibio ; introducción de A. Díaz Tejera ; traducción y notas de Manuel Balasch Recort. |
| 260 |
_aMadrid : _bGredos, _c1981-1983. |
||
| 300 |
_a3v. ; _c20 cm. |
||
| 490 | 1 |
_aBiblioteca clásica Gredos ; _v38; 43; 58 |
|
| 504 | _aIncluye referencias bibliográficas y notas al pie de las páginas. | ||
| 505 | 0 |
_gv.38 . _tLibros I-IV -- _gv.43. _tLibros V-VX -- _gv.58. _tLibros XVI-XXXIX |
|
| 650 | 2 | 0 |
_aHistoria antigua _918158 |
| 651 | 4 |
_aRoma _xHistoria _yREPÚBLICA, 510-30 a. C. _941180 |
|
| 651 | 4 |
_aGrecia _xHistoria, _y146 a. C. -323 d. C. _941181 |
|
| 700 | 1 | 2 |
_aDíaz Tejera, Antonio, _eintr. _947805 |
| 700 | 1 | 2 |
_aBalasch Recort, Manuel, _etrad. _947751 |
| 830 | 0 |
_aBiblioteca clásica Gredos ; _v38, 43 _98642 |
|
| 910 | _aValidado. Control de calidad MFF | ||
| 999 |
_c22716 _d22716 |
||